Semiconductors teehnical information & characteristic data for students (Record no. 6402)

000 -LEADER
fixed length control field 00570nam a2200205 4500
001 - CONTROL NUMBER
control field 6402
003 - CONTROL NUMBER IDENTIFIER
control field BD-DhUET
008 - FIXED-LENGTH DATA ELEMENTS--GENERAL INFORMATION
fixed length control field 141202b/xxu||||| |||| 00| 0 eng d
020 ## - INTERNATIONAL STANDARD BOOK NUMBER
International Standard Book Number 3800915677
040 ## - CATALOGING SOURCE
Original cataloging agency DLC
Transcribing agency DLC
Modifying agency BD-DhUET
082 ## - DEWEY DECIMAL CLASSIFICATION NUMBER
Classification number 623.815
Item number SIE/1990
110 ## - MAIN ENTRY--CORPORATE NAME
Corporate name or jurisdiction name as entry element siemens akticngesellscaft
245 ## - TITLE STATEMENT
Title Semiconductors teehnical information & characteristic data for students
250 ## - EDITION STATEMENT
Edition statement 1st ed.
260 ## - PUBLICATION, DISTRIBUTION, ETC. (IMPRINT)
Place of publication, distribution, etc. Berlin
Name of publisher, distributor, etc. siemens akticngesellscaft
Date of publication, distribution, etc. 1990
300 ## - PHYSICAL DESCRIPTION
Extent 249 p.
504 ## - BIBLIOGRAPHY, ETC. NOTE
Bibliography, etc includes bibliographies
650 #0 - SUBJECT ADDED ENTRY--TOPICAL TERM
Topical term or geographic name as entry element Semiconductors-Electronics
942 ## - ADDED ENTRY ELEMENTS (KOHA)
Koha item type Corporate Publication
Holdings
Date acquired Koha normalized classification for sorting Piece designation (barcode) Damaged status Koha full call number Withdrawn status Koha item type Sublocation or collection (holding branch) Source of classification or shelving scheme Location (home branch) Not for loan Price effective from Koha date last seen Copy number Lost status Shelving location
2014-12-02623_815000000000000_SIE_199085368 623.815/SIE/1990 Corporate PublicationCentral Library, BUET Central Library, BUET 2014-12-022014-12-021 Circulation section
2014-12-02623_000000000000000_815SIE199085367 623.815/SIE/1990 Corporate PublicationCentral Library, BUET Central Library, BUET 2014-12-022014-12-022 Circulation section
2014-12-11623_815000000000000_SIE199085369 623.815 SIE/1990 General BookCentral Library, BUET Central Library, BUET 2014-12-112014-12-111 Circulation section
2014-12-11623_815000000000000_SIE199085366 623.815 SIE/1990 General BookCentral Library, BUET Central Library, BUET 2014-12-112014-12-112 Circulation section